Japan's wasted workers

Saved in:
Bibliographic Details
Main Author: Woronoff, Jon
Format: Book
Language:Undetermined
Published: Tokyo Lotus Press 1981
Subjects:
Tags: Add Tag
No Tags, Be the first to tag this record!
Institutions: Trung tâm Học liệu Trường Đại học Cần Thơ
LEADER 00489nam a2200193Ia 4500
001 CTU_87848
008 210402s9999 xx 000 0 und d
082 |a 658.3 
082 |b W929 
100 |a Woronoff, Jon 
245 0 |a Japan's wasted workers 
245 0 |c Jon Woronoff 
260 |a Tokyo 
260 |b Lotus Press 
260 |c 1981 
650 |a Industrial management 
650 |z Japan 
904 |i Trọng Hiếu 
980 |a Trung tâm Học liệu Trường Đại học Cần Thơ